Online Catalogue and eLibrary

Women in Europe since 1750 / (Record no. 67)

MARC details
000 -LEADER
fixed length control field 00500nam a2200193 i 4500
001 - CONTROL NUMBER
control field 4161847
005 - DATE AND TIME OF LATEST TRANSACTION
control field 20231123231909.0
008 - FIXED-LENGTH DATA ELEMENTS--GENERAL INFORMATION
fixed length control field 790314s1978 enk b 001 0 eng
020 ## - INTERNATIONAL STANDARD BOOK NUMBER
ISBN 0856642258 :
-- 0856647292
040 ## - CATALOGING SOURCE (பட்டியலாக்க மூலம்)
Original cataloging agency DLC
Transcribing agency DLC
Modifying agency DLC
082 00 - DDC Classification
Class No. 301.41/2/094
DDC Edition Number 22
Item Number - Author Mark PAT.
100 1# - MAIN ENTRY--PERSONAL NAME
Personal name Branca, Patricia.
245 10 - TITLE STATEMENT
Title Women in Europe since 1750 /
Statement of responsibility, etc. Patricia Branca.
260 ## - PUBLICATION, DISTRIBUTION, ETC.
Place of publication, distribution, etc. London :
Name of publisher, distributor, etc. Croom Helm,
Date of publication, distribution, etc. 1978.
300 ## - PHYSICAL DESCRIPTION
Extent (e.g. Volumes, Pages etc.) 233 p. ;
500 ## - GENERAL NOTE
General note Includes index.
650 #0 - SUBJECT ADDED ENTRY--TOPICAL TERM
Topical term or geographic name entry element Women
942 ## - Koha item type (Biblio)
Koha item type Books in Stacks (Lending)
Holdings
Lost status Damaged status Collection code Home library Current library Date acquired Full call number Accession Number Item type
    Lending WERC Library WERC Library 11/24/2023 301.41/2/094 PAT. 96 Books in Stacks (Lending)

© WERC Library